Т. 49, № 1; Физика твердого тела

書誌詳細
Parent link:Физика твердого тела/ Российская академия наук ; Физико-технический институт им. А. Ф. Иоффе. Т. 49, № 1.— , 1959-.— 0367-3294
言語:ロシア語
出版事項: 2007
フォーマット: 図書
KOHA link:https://koha.lib.tpu.ru/cgi-bin/koha/opac-detail.pl?biblionumber=422385

MARC

LEADER 00000nam2a2200000 4500
001 422385
005 20231101073750.0
035 |a (RuTPU)RU\TPU\prd\80215 
035 |a RU\TPU\prd\49569 
090 |a 422385 
100 |a 20100412a19599999k y0rusy50 ca 
101 0 |a rus 
102 |a RU 
200 0 |a Т. 49, № 1 
210 |d 2007 
461 1 |0 (RuTPU)RU\TPU\prd\409  |x 0367-3294  |t Физика твердого тела  |f Российская академия наук ; Физико-технический институт им. А. Ф. Иоффе  |v Т. 49, № 1  |d 1959- 
801 0 |a RU  |b 63413507  |c 20010227  |g PSBO 
801 1 |a RU  |b 63413507  |c 20070313  |g PSBO 
801 2 |a RU  |b 63413507  |c 20201215  |g RCR 
942 |c BK 
999 |a НТБ_ТПУ  |b НФ  |e -8/20100113  |p П-6543  |s 8/20060918  |u 0,00  |v 1